00265nam a2200109Ia 4500008004100000041001200041082001100053100001500064245006300079260000600142650000700148221030s9999 xx 000 0 und d aEnglish a105.23 aN M Dietel 0aInternet And World Wide Web- How to Programcby N M Dietel c0 aMc